1112 1568 1348 1056 1995 1401 1251 1492 1622 1390 1690 1661 1359 1305 1930 1890 1185 1434 1616 1066 1811 1590 1729 1942 1394 1244 1151 1674 1325 1479 1514 1298 1828 1233 1222 1054 1768 1094 1726 1848 1368 1202 1996 1030 1856 1577 1880 1069 1607 1150 1602 1863 1848 1866 1994 1693 1804 1882 1772 1121 1422 1998 1574 1007 1369 1010 1361 1339 1830 1783 1918 1184 1371 1521 1978 1772 1341 1700 1837 1095 1865 1176 1979 1436 1720 1631 1695 1359 1881 1210 1522 1257 1751 1778 1665 1793 1979 1756 1484 BCNSPRNW ULIB Ver.6.0+V

เปลี่ยนเป็นภาษาไทย

Change to English
 แสดงรายละเอียดบรรณานุกรม
  กลับหน้าหลัก

Brief Record : Get Marc (ISO 2709) : E-mail record : QR code < ปิดหน้าต่าง
LEADER : 00000nam 2200000uu 4500
001    13399120091
003     ULIB
008    120830s2553||||th 000 0 tha d
020    ^a9745063924
020    ^a9789745063921
060 04 ^aWY106^bว896
100 0  ประไพ โรจน์ประทักษ์
245 00 ^aเวชปฏิบัติทางการพยาบาล :^bโจทย์สถานการณ์ /^cประไพ โรจน์ประทักษ์, บรรณาธิการ
250    ^aพิมพ์ครั้งที่ 4
260    ^aนนทบุรี :^bโครงการสวัสดิการวิชาการ สถาบันพระบรมราชชนก,^c2553
300    ^aก-ฌ, 157 หน้า :^bภาพประกอบ ;^c26 ซม.
650  7 ^aการพยาบาล
650  7 ^aการพยาบาลอนามัยชุมชน
650  7 ^aอนามัยชุมชน, การบริการ
710 2  ^aสถาบันพระบรมราชชนก, ^bโครงการสวัสดิการวิชาการ
945    ^p190^l0^i19328
945    ^p190^l0^i19329
945    ^p190^l0^i19330
945    ^p190^l0^i19331
945    ^p190^l0^i19332
995    ^aทศพร
999    ^aทศพร เกษรทอง
รายการนี้ยังไม่มีแท็ก
คุณยังไม่ได้ล็อกอิน คุณสามารถมีกิจกรรมร่วมกับเว็บไซต์ได้ แต่ต้องล็อกอินก่อน ::
  ล็อกอิน

รายการสื่อสารสนเทศ

ลำดับที่ ประเภท เลขเรียก/บาร์โค้ด สถานที่ สถานะ
1. วิทยาศาสตร์การแพทย์ และสุขภาพ
วิทยาศาสตร์การแพทย์ และสุขภาพ
WY106 ว896 ฉ.1 
  Barcode: 19328
ห้องสมุดวิทยาเขตนครสวรรค์
►ส่วนจัดเก็บหนังสือเก่า นว.
บนชั้น
  ขอยืม
2. วิทยาศาสตร์การแพทย์ และสุขภาพ
วิทยาศาสตร์การแพทย์ และสุขภาพ
WY106 ว896 ฉ.2 
  Barcode: 19329
ห้องสมุดวิทยาเขตนครสวรรค์
►ส่วนจัดเก็บหนังสือเก่า นว.
บนชั้น
  ขอยืม
3. วิทยาศาสตร์การแพทย์ และสุขภาพ
วิทยาศาสตร์การแพทย์ และสุขภาพ
WY106 ว896 ฉ.3 
  Barcode: 19330
ห้องสมุดวิทยาเขตนครสวรรค์
►ส่วนจัดเก็บหนังสือเก่า นว.
บนชั้น
  ขอยืม
4. วิทยาศาสตร์การแพทย์ และสุขภาพ
วิทยาศาสตร์การแพทย์ และสุขภาพ
WY106 ว896 ฉ.4 
  Barcode: 19331
ห้องสมุดวิทยาเขตนครสวรรค์
►ส่วนจัดเก็บหนังสือเก่า นว.
บนชั้น
  ขอยืม
5. วิทยาศาสตร์การแพทย์ และสุขภาพ
วิทยาศาสตร์การแพทย์ และสุขภาพ
WY106 ว896 ฉ.5 
  Barcode: 19332
ห้องสมุดวิทยาเขตนครสวรรค์
►ส่วนจัดเก็บหนังสือเก่า นว.
บนชั้น
  ขอยืม

รายการใกล้เคียง
    ผู้แต่ง [ประไพ โรจน์ประทักษ์]

    หัวเรื่อง [การพยาบาล]
    หัวเรื่อง [การพยาบาลอนามัยชุมชน]
    หัวเรื่อง [อนามัยชุมชน, การบริการ]

BibComment


ยังไม่เคยถูกคอมเมนท์

คอมเมนท์ทรัพยากรรายการนี้
  คอมเมนท์: เวชปฏิบัติทางการ..


 Copyright 2026. Bcnsprnw @Library